Länder mit Tieren in der Flagge - Statistiken

Allgemein
  • Dieses Quiz wurde 56 mal gespielt
  • Das Durchschnittsergebnis liegt bei 7 aus 21
Answers on the Grid
Answers color-coded by a green-red scale on the quiz's grid according to % correct below.
Ecuador
Mexiko
Vanuatu
Fidschi
Sambia
Uruguay
Ägypten
Peru
Kroatien
USA
Sri Lanka
Dominica
Papua Neuguinea
Kenia
Kasachstan
Kolumbien
Spanien
Albanien
Guatemala
Montenegro
Moldau
Uganda
Nicaragua
Bhutan
El Salvador
Malta
Serbien
Simbabwe
Andorra
Kiribati
 
Antwortstatistiken
Antwort % Korrekt
Mexiko
83%
Albanien
64%
Papua Neuguinea
60%
Ecuador
52%
Ägypten
45%
Sri Lanka
43%
Bhutan
38%
Uganda
38%
Serbien
36%
Andorra
33%
Dominica
33%
Kasachstan
33%
Moldau
33%
Sambia
33%
Kiribati
26%
Montenegro
26%
Simbabwe
26%
Spanien
14%
Kroatien
12%
Fidschi
10%
Malta
7%
Keine übereinstimmenden Quizze gefunden
Verteilung der Resultate
Anzahl Personen mit jedem Resultat
Perzentil nach korrekt beantworteten Fragen
Ihre Resultats-Entwicklung
Sie haben dieses Quiz noch nicht gespielt